[Event "Rheinland Pfalz op 10th"]
[Site "Nickenich"]
[Date "2018.06.01"]
[Round "3"]
[White "Hoppe, Jens"]
[Black "Kopf, Rainer"]
[Result "0-1"]
[WhiteElo "1689"]
[BlackElo "1972"]
[PlyCount "64"]
[EventDate "2018.05.31"]
[EventType "swiss"]
[EventRounds "7"]
[EventCountry "GER"]
[SourceTitle "EXT 2019"]
[Source "ChessBase"]
[SourceDate "2018.10.10"]
[SourceVersion "1"]
[SourceVersionDate "2018.10.10"]
[SourceQuality "1"]

1. Nf3 Nf6 2. c4 e6 3. Nc3 d5 4. e3 Bd6 5. d4 c6 6. Bd3 Nbd7 7. 0-0 0-0 8. Re1 e5 9. cxd5 cxd5 10. dxe5 Nxe5 11. Nxe5 Bxe5 12. Ne2 Re8 13. Nd4 Bg4 14. Be2 Bd7 15. b3 Ne4 16. f4 Bd6 17. Bg4 Bb4 18. Bxd7 Qxd7 19. Bb2 Bxe1 20. Qxe1 Rac8 21. Qe2 a6 22. Qh5 Nf6 23. Qg5 h6 24. Qf5 Rxe3 25. Qxd7 Nxd7 26. Nf5 Re2 27. Bxg7 Rcc2 28. Bxh6 Rxg2+ 29. Kf1 Rxh2 30. Kg1 Nf6 31. Ne3 Rxa2 32. Rd1 Rxh6 0-1

[Event "Rheinland Pfalz op 10th"]
[Site "Nickenich"]
[Date "2018.06.01"]
[Round "4"]
[White "Kopf, Rainer"]
[Black "Pikatz, Frank"]
[Result "1/2-1/2"]
[WhiteElo "1972"]
[BlackElo "1657"]
[PlyCount "44"]
[EventDate "2018.05.31"]
[EventType "swiss"]
[EventRounds "7"]
[EventCountry "GER"]
[SourceTitle "EXT 2019"]
[Source "ChessBase"]
[SourceDate "2018.10.10"]
[SourceVersion "1"]
[SourceVersionDate "2018.10.10"]
[SourceQuality "1"]

1. d4 Nf6 2. Nf3 b6 3. Bf4 Bb7 4. Nbd2 e6 5. e3 d5 6. Bd3 Be7 7. Ne5 Nbd7 8. Qf3 c5 9. c3 0-0 10. g4 cxd4 11. exd4 a5 12. g5 Nxe5 13. Bxe5 Nd7 14. Bf4 Ba6 15. Bc2 Rc8 16. h4 b5 17. Bd3 Qb6 18. Qe2 Rc6 19. a3 b4 20. Bxa6 bxc3 21. bxc3 Qxa6 22. Qxa6 Rxa6 1/2-1/2

[Event "Pfalz-ch HT2 87th"]
[Site "Landau"]
[Date "2018.03.30"]
[Round "5"]
[White "Koch, Frank1111"]
[Black "Kopf, Rainer"]
[Result "1/2-1/2"]
[WhiteElo "1778"]
[BlackElo "1921"]
[PlyCount "103"]
[EventDate "2018.03.23"]
[EventType "swiss"]
[EventRounds "7"]
[EventCountry "GER"]
[SourceTitle "EXT 2019"]
[Source "ChessBase"]
[SourceDate "2018.10.10"]
[SourceVersion "1"]
[SourceVersionDate "2018.10.10"]
[SourceQuality "1"]

1. c4 e6 2. Nf3 d5 3. e3 Nf6 4. b3 Be7 5. g3 Nbd7 6. Bg2 0-0 7. 0-0 b6 8. Bb2 Ba6 9. Qc2 c5 10. Rd1 Qc7 11. Ng5 Bb7 12. Nc3 h6 13. Nf3 Rad8 14. Rac1 dxc4 15. bxc4 Qb8 16. Ne2 Qa8 17. Ne1 Bxg2 18. Nxg2 Qf3 19. d3 Ng4 20. Nef4 Qb7 21. Qe2 Nge5 22. Ne1 Bf6 23. Nh5 Kh7 24. Nxf6+ gxf6 25. f4 Ng6 26. Qh5 Rg8 27. Rc2 Qa6 28. g4 Kg7 29. Rg2 Rh8 30. g5 hxg5 31. Qxg5 Rh3 32. f5 exf5 33. Qxf5 Rh6 34. e4 Qc8 35. Nf3 Re8 36. h4 Reh8 37. Rf1 Rh5 38. Qf4 Kf8 39. Qd6+ Ke8 40. Bxf6 Nxf6 41. Qxf6 Qh3 42. Qc6+ Qd7 43. Qf6 Qxd3 44. Rd2 Qe3+ 45. Rff2 Ne7 46. Qd6 f6 47. Qd7+ Kf7 48. Ng5+ Rxg5+ 49. hxg5 Qe1+ 50. Rf1 Qg3+ 51. Rg2 Qe3+ 52. Rgf2 1/2-1/2

[Event "Pfalz-ch MAT1 86th"]
[Site "Wolfstein"]
[Date "2017.04.09"]
[Round "4"]
[White "Mueller, Michael7777"]
[Black "Kopf, Rainer"]
[Result "1/2-1/2"]
[WhiteElo "1915"]
[BlackElo "1980"]
[PlyCount "52"]
[EventDate "2017.04.07"]
[EventType "tourn"]
[EventRounds "9"]
[EventCountry "GER"]
[SourceTitle "EXT 2018"]
[Source "ChessBase"]
[SourceDate "2017.10.13"]
[SourceVersion "1"]
[SourceVersionDate "2017.10.13"]
[SourceQuality "1"]

1. d4 d5 2. Bf4 e6 3. e3 Bd6 4. Bxd6 Qxd6 5. Qg4 Kf8 6. Nc3 Nf6 7. Qg3 Qb6 8. 0-0-0 Bd7 9. Nf3 a6 10. Bd3 Bb5 11. Ne5 Bxd3 12. Rxd3 Nbd7 13. e4 dxe4 14. Nxd7+ Nxd7 15. Nxe4 h5 16. Rhd1 Rh6 17. Rc3 Nf6 18. Nxf6 Rxf6 19. Rxc7 Rxf2 20. Rc5 Rf5 21. Rxf5 exf5 22. Qf3 g6 23. d5 Qd6 24. g3 Re8 25. Qd3 b5 26. a3 Re4 1/2-1/2

[Event "Pfalz-ch MAT1 86th"]
[Site "Wolfstein"]
[Date "2017.04.08"]
[Round "2"]
[White "Wintergerst, Johannes"]
[Black "Kopf, Rainer"]
[Result "0-1"]
[WhiteElo "2016"]
[BlackElo "1980"]
[PlyCount "100"]
[EventDate "2017.04.07"]
[EventType "tourn"]
[EventRounds "9"]
[EventCountry "GER"]
[SourceTitle "EXT 2018"]
[Source "ChessBase"]
[SourceDate "2017.10.13"]
[SourceVersion "1"]
[SourceVersionDate "2017.10.13"]
[SourceQuality "1"]

1. d4 d5 2. c4 e6 3. Nc3 Nf6 4. cxd5 exd5 5. Bg5 Be7 6. e3 0-0 7. Bd3 Re8 8. Nge2 Nbd7 9. 0-0 Nf8 10. Qc2 c6 11. f3 Ng6 12. e4 dxe4 13. fxe4 Ng4 14. Bxe7 Rxe7 15. Rf3 Qc7 16. e5 N6xe5 17. Bxh7+ Kf8 18. dxe5 Qb6+ 19. Kh1 Nf2+ 20. Rxf2 Qxf2 21. Ng1 Qxc2 22. Bxc2 Rxe5 23. Nf3 Re3 24. Rf1 Bg4 25. Ng5 f6 26. h3 Bd7 27. Rd1 Ke7 28. Nge4 Rh8 29. Nf2 Re5 30. Kh2 Bf5 31. Bxf5 Rxf5 32. Rd2 Rd8 33. Re2+ Re5 34. Rxe5+ fxe5 35. Nce4 Rd4 36. Kg3 Rc4 37. Kf3 Rc2 38. Nd3 a6 39. Nec5 b6 40. Ne4 Ke6 41. g4 c5 42. h4 c4 43. Ng5+ Kf6 44. Ne4+ Ke6 45. Ng5+ Ke7 46. Nxe5 b5 47. Nc6+ Kd6 48. Nb4 Rxb2 49. Ne4+ Ke5 50. Nc3 Rxb4 0-1

[Event "Rheinland Pfalz op 7th"]
[Site "Frankenthal"]
[Date "2015.06.06"]
[Round "5"]
[White "Kopf, Rainer"]
[Black "Bold, Andre"]
[Result "0-1"]
[WhiteElo "1952"]
[BlackElo "1694"]
[PlyCount "66"]
[EventDate "2015.06.04"]
[EventType "swiss"]
[EventRounds "7"]
[EventCountry "GER"]
[SourceTitle "EXT 2017"]
[Source "ChessBase"]
[SourceDate "2016.10.25"]
[SourceVersion "1"]
[SourceVersionDate "2016.10.25"]
[SourceQuality "1"]

1. g3 Nf6 2. Bg2 d5 3. Nf3 c6 4. d4 Bf5 5. Nbd2 e6 6. 0-0 Be7 7. h3 h6 8. b3 Nbd7 9. Bb2 Ne4 10. c4 0-0 11. Ne5 Nxd2 12. Nxd7 Nxf1 13. Nxf8 Nxg3 14. fxg3 Bxf8 15. Qd2 Qg5 16. Qxg5 hxg5 17. Kf2 Be7 18. Rc1 Kf8 19. Bf3 Ke8 20. Rh1 Kd7 21. g4 Bg6 22. Bg2 Rf8 23. Bf3 Rb8 24. Rc1 b5 25. c5 b4 26. e3 Bd3 27. Rd1 Be4 28. Bxe4 dxe4 29. Bc1 g6 30. Bd2 a5 31. Kg2 f5 32. Rh1 e5 33. Rf1 Ke6 0-1

[Event "Rhein Main op-A 17th"]
[Site "Bad Homburg"]
[Date "2014.06.19"]
[Round "2"]
[White "Buss, Alexander"]
[Black "Kopf, Rainer"]
[Result "1/2-1/2"]
[WhiteElo "1866"]
[BlackElo "1984"]
[PlyCount "60"]
[EventDate "2014.06.18"]
[EventType "swiss"]
[EventRounds "7"]
[EventCountry "GER"]
[SourceTitle "CBM 161 Extra"]
[Source "ChessBase"]
[SourceDate "2014.08.29"]
[SourceVersion "1"]
[SourceVersionDate "2014.08.29"]
[SourceQuality "1"]

1. e4 c6 2. Nf3 d5 3. exd5 cxd5 4. d4 Bg4 5. Be2 Nc6 6. 0-0 Qc7 7. c3 Nf6 8. Ne5 Bxe2 9. Qxe2 e6 10. Nd2 Bd6 11. f4 0-0 12. Ndf3 Ne4 13. Nd2 f5 14. Nxe4 dxe4 15. Qc4 Nxe5 16. Qxc7 Bxc7 17. fxe5 h6 18. Be3 Bb6 19. a4 Rf7 20. g3 a5 21. Rf2 g5 22. Raf1 Rc8 23. h4 Rg7 24. Rg2 Kh7 25. hxg5 hxg5 26. Rh2+ Kg6 27. Kf2 Rc4 28. Rfh1 Bd8 29. Rh6+ Kf7 30. Ra1 Be7 1/2-1/2

[Event "Karl Mala Memorial op-A 16th"]
[Site "Frankfurt"]
[Date "2013.07.12"]
[Round "3"]
[White "Chandler, Patrick"]
[Black "Kopf, Rainer"]
[Result "1-0"]
[WhiteElo "2200"]
[BlackElo "1968"]
[PlyCount "81"]
[EventDate "2013.07.11"]
[EventType "swiss"]
[EventRounds "7"]
[EventCountry "GER"]
[SourceTitle "EXT 2014"]
[Source "ChessBase"]
[SourceDate "2013.11.20"]
[SourceVersion "1"]
[SourceVersionDate "2013.11.20"]
[SourceQuality "1"]

1. e4 e6 2. Qe2 Nc6 3. Nf3 e5 4. c3 d6 5. d4 Nf6 6. d5 Ne7 7. c4 Ng6 8. Nc3 Be7 9. g3 h5 10. h3 Nh7 11. Qc2 b6 12. h4 0-0 13. Bd3 Nf6 14. Ng5 a5 15. Bd2 Re8 16. Be2 Nf8 17. 0-0-0 N8d7 18. f3 Nc5 19. Rdg1 Bd7 20. Nh3 Qc8 21. Nf2 Kh7 22. g4 Rh8 23. g5 Ne8 24. f4 g6 25. Be3 exf4 26. Bxf4 Bf8 27. Nd3 Nxd3+ 28. Bxd3 Bg7 29. Re1 Bg4 30. Rhf1 Rf8 31. Nb5 Qd7 32. Kb1 Rc8 33. Na7 Ra8 34. Nc6 a4 35. e5 a3 36. b3 Bh3 37. Rh1 Bg4 38. Bg3 Rc8 39. exd6 cxd6 40. Re7 Qf5 41. Rf1 1-0

[Event "Karl Mala Memorial op-A 16th"]
[Site "Frankfurt"]
[Date "2013.07.12"]
[Round "2"]
[White "Kopf, Rainer"]
[Black "Schreyer, Oliver"]
[Result "0-1"]
[WhiteElo "1968"]
[BlackElo "2131"]
[PlyCount "100"]
[EventDate "2013.07.11"]
[EventType "swiss"]
[EventRounds "7"]
[EventCountry "GER"]
[SourceTitle "EXT 2014"]
[Source "ChessBase"]
[SourceDate "2013.11.20"]
[SourceVersion "1"]
[SourceVersionDate "2013.11.20"]
[SourceQuality "1"]

1. d4 Nf6 2. Nf3 e6 3. Bg5 Be7 4. e3 b6 5. Nbd2 c5 6. c3 Bb7 7. Bd3 d5 8. Bxf6 Bxf6 9. Qc2 g6 10. h4 Qd7 11. Ne5 Bxe5 12. dxe5 Nc6 13. f4 0-0-0 14. 0-0-0 Kb8 15. Bb5 Qe7 16. Qa4 Rc8 17. Nf3 Na5 18. Be2 Bc6 19. Qc2 b5 20. Kb1 Ka8 21. Ka1 Rb8 22. b3 h5 23. Nd2 Rhc8 24. Bf3 Rd8 25. Qb2 b4 26. c4 dxc4 27. Bxc6+ Nxc6 28. bxc4 Na5 29. Qc2 Qb7 30. Nb3 Nxb3+ 31. axb3 a6 32. Rd6 Rxd6 33. exd6 Rd8 34. Rd1 Qc6 35. Qd2 f5 36. g3 Rd7 37. Qb2 Kb7 38. Qe5 a5 39. Qxe6 a4 40. Rd5 axb3 41. Kb1 Kb6 42. Qe8 Qa4 43. Qb8+ Rb7 44. Qd8+ Ka7 45. Rd2 b2 46. Kxb2 Qa3+ 47. Kb1 Qb3+ 48. Ka1 Qc3+ 49. Kb1 b3 50. Rh2 b2 0-1

[Event "Karl Mala Memorial op-A 16th"]
[Site "Frankfurt"]
[Date "2013.07.11"]
[Round "1"]
[White "Markulic, Petar"]
[Black "Kopf, Rainer"]
[Result "0-1"]
[WhiteElo "1663"]
[BlackElo "1968"]
[PlyCount "70"]
[EventDate "2013.07.11"]
[EventType "swiss"]
[EventRounds "7"]
[EventCountry "GER"]
[SourceTitle "EXT 2014"]
[Source "ChessBase"]
[SourceDate "2013.11.20"]
[SourceVersion "1"]
[SourceVersionDate "2013.11.20"]
[SourceQuality "1"]

1. e4 c6 2. f4 d5 3. exd5 cxd5 4. d4 Nf6 5. Nf3 Bg4 6. Be2 Bxf3 7. Bxf3 Nc6 8. 0-0 e6 9. Be3 Bd6 10. c3 Qc7 11. Be2 0-0 12. Nd2 Ne7 13. Bd3 a6 14. Qc2 h6 15. Qc1 Rac8 16. Nf3 Ne4 17. Nd2 f5 18. Nf3 Kh7 19. Ne5 Bxe5 20. fxe5 Ng6 21. Bxe4 fxe4 22. Qd2 Nh4 23. Rf2 Qc4 24. b3 Qc7 25. Rxf8 Rxf8 26. Rc1 b5 27. Qc2 Nf5 28. Qe2 Qa5 29. Rc2 Qd8 30. c4 dxc4 31. bxc4 Nxd4 32. Bxd4 Qxd4+ 33. Qf2 Qa1+ 34. Rc1 Qxc1+ 35. Qf1 Rxf1# 0-1

[Event "Zweibruecken PSB-ch HT2 82nd"]
[Site "Zweibruecken"]
[Date "2013.03.29"]
[Round "5"]
[White "Stopp, Hans Juergen"]
[Black "Kopf, Rainer"]
[Result "1-0"]
[WhiteElo "1829"]
[BlackElo "1878"]
[PlyCount "131"]
[EventDate "2013.??.??"]
[EventType "swiss"]
[EventRounds "7"]
[EventCountry "GER"]
[SourceTitle "EXT 2014"]
[Source "ChessBase"]
[SourceDate "2013.11.20"]
[SourceVersion "1"]
[SourceVersionDate "2013.11.20"]
[SourceQuality "1"]

1. e4 c6 2. d4 d5 3. Nd2 dxe4 4. Nxe4 h6 5. Ng3 Nf6 6. Bc4 Na6 7. N1e2 Nc7 8. c3 Ncd5 9. Qc2 Be6 10. Bd3 Qc7 11. Bd2 a5 12. a3 a4 13. c4 Nb6 14. Bb4 g5 15. h4 Bg7 16. hxg5 hxg5 17. Rxh8+ Bxh8 18. Bd2 g4 19. 0-0-0 c5 20. d5 Bd7 21. Bf4 Qc8 22. Rh1 Bg7 23. Nf5 Bxf5 24. Bxf5 e6 25. dxe6 fxe6 26. Bg6+ Kf8 27. Ng3 Nbd7 28. Kb1 Ra6 29. Qd2 Kg8 30. Bh6 Qf8 31. Qg5 Rb6 32. Kc1 Rxb2 33. Bc2 Rxc2+ 34. Kxc2 Nh7 35. Qxg7+ Qxg7 36. Bxg7 Kxg7 37. Ne4 Nhf6 38. Nd6 b6 39. Re1 e5 40. Ne4 Kg6 41. Nc3 Kf5 42. Nxa4 Kf4 43. Nc3 Kf5 44. Kd2 e4 45. Na4 Ke5 46. Rb1 Kd4 47. Nxb6 Ne5 48. Ke2 Ne8 49. a4 Nc7 50. a5 Nc6 51. Rd1+ Ke5 52. Nd7+ Kf5 53. Nxc5 Nxa5 54. Rd7 Ne8 55. Rd5+ Kg6 56. Nxe4 Nxc4 57. Rg5+ Kh6 58. Rxg4 Ne5 59. Rg8 Ng7 60. f4 Ng6 61. g3 Nh5 62. Kf3 Ngxf4 63. gxf4 Nf6 64. Rh8+ Kg7 65. Nxf6 Kxh8 66. Kg4 1-0

[Event "Rhein Main op-A 15th"]
[Site "Bad Homburg"]
[Date "2012.06.07"]
[Round "3"]
[White "Perske, Thore"]
[Black "Kopf, Rainer"]
[Result "1-0"]
[WhiteElo "2073"]
[BlackElo "1969"]
[PlyCount "55"]
[EventDate "2012.06.06"]
[EventType "swiss"]
[EventRounds "7"]
[EventCountry "GER"]
[SourceTitle "EXT 2013"]
[Source "ChessBase"]
[SourceDate "2012.11.22"]
[SourceVersion "1"]
[SourceVersionDate "2012.11.22"]
[SourceQuality "1"]

1. e4 e6 2. d4 d5 3. Nc3 Nf6 4. Bg5 Be7 5. e5 Ne4 6. Bxe7 Nxc3 7. bxc3 Qxe7 8. Qg4 g6 9. Bd3 b6 10. Nf3 Ba6 11. 0-0 Bxd3 12. cxd3 0-0 13. h4 Nd7 14. Rfe1 h6 15. Re3 Kh7 16. Nh2 Rg8 17. Qf4 g5 18. hxg5 Rxg5 19. Rh3 Rag8 20. g3 R8g6 21. Kg2 f6 22. Nf3 Rg4 23. exf6 Nxf6 24. Qe3 Nd7 25. Rah1 Qf8 26. Nh2 Rf4 27. f3 Rf7 28. Ng4 1-0